ბათუმის შოთა რუსთაველის სახელმწიფო უნივერსიტეტის ბიბლიოთეკა

სასოფლო-სამეურნეო ცხოველების პათოლოგიური ფიზიოლოგია (ბიბ.ჩანაწერი № 44650)

000 -LEADER
fixed length control field 01113nam a2200217Ia 4500
001 - CONTROL NUMBER
control field 11453
003 - CONTROL NUMBER IDENTIFIER
control field GE_BSU
008 - FIXED-LENGTH DATA ELEMENTS--GENERAL INFORMATION
fixed length control field 181216s||||||||xx |||||||||||||| ||und||
040 ## - CATALOGING SOURCE
Transcribing agency GE_BSU
100 ## - MAIN ENTRY--PERSONAL NAME
Personal name ფიცხელაური,ბ; უსეინაშვილი,ქ.
245 ## - TITLE STATEMENT
Title სასოფლო-სამეურნეო ცხოველების პათოლოგიური ფიზიოლოგია
245 ## - TITLE STATEMENT
Remainder of title სახელმძღვ.ზოოვეტერინალური ინ-ტის სტუდენტებისათვის.
245 ## - TITLE STATEMENT
Statement of responsibility, etc. რედ:ელ.ფიფია.
260 ## - PUBLICATION, DISTRIBUTION, ETC.
Place of publication, distribution, etc. თბილისი
260 ## - PUBLICATION, DISTRIBUTION, ETC.
Name of publisher, distributor, etc. განათლება
260 ## - PUBLICATION, DISTRIBUTION, ETC.
Date of publication, distribution, etc. 1967
300 ## - PHYSICAL DESCRIPTION
Extent 489გვ;22სმ.
300 ## - PHYSICAL DESCRIPTION
Other physical details ილ.
653 ## - INDEX TERM--UNCONTROLLED
Uncontrolled term სასოფლო-სამეურნეო ცხოველების პათოლოგიური ფიზიოლოგია.სახელმძღვ.ზოოვეტერინალური ინ-ტის სტუდენტებისათვის.
942 ## - ADDED ENTRY ELEMENTS (KOHA)
Koha item type წიგნი
ეგზემპლარები
Withdrawn status Lost status Damaged status Not for loan Date acquired Barcode Date last seen Price effective from Koha item type
        2018-12-17 20260 2018-12-17 2018-12-17 წიგნი
        2018-12-17 20261 2018-12-17 2018-12-17 წიგნი